000 00877nam0a22002171 4500
001 rc\2374577
005 20260406212643.0
035 _a(NLR Aleph) 006480897
090 _a6032453
_c6032453
100 _a20110829g1976 |||y0rusy50 ca
101 0 _arus
102 _aRU
105 _ay z |||||
200 1 _aСборник трудов Всероссийского и Удмуртского научно-медицинских обществ невропатологов и психиатров
_fМ-во здрав. УАССР. Ижев. гос. мед. ин-т
210 _aИжевск
_cБ. и.
_d1976-
710 0 2 _aВсероссийское науч. мед. о-во невропатологов и психиатров
_3RU\NLR\AUTH\889970125
_9436528
801 0 _aRU
_bNLR
_gpsbo
801 1 _aRU
_bELAR
_2rusmarc
852 _aNLR
_jП16/1429
942 _cBOOK
980 _aNB